Trabalho decente

Detalles Bibliográficos
Autor principal: Araj︢o Farias, James Magno
Formato: eBook
Lenguaje:portugués
Publicado: San Pablo: LTR, 2017
Materias:
Acceso en línea:Acceso restringido

MARC

LEADER 00000nam a22000007a 4500
005 20180504225617.0
007 cr|||| ||||
008 180504s2017 br |||||s|||| 00||0 por d
020 |a 978-85-361-9451-6 
035 |a 21579 
040 |a vLex 
090 |c 7909  |d 7909 
100 1 |a Araj︢o Farias, James Magno 
245 1 0 |a Trabalho decente  |h [Recurso electrn̤ico] /  |c James Magno Araj︢o Farias 
256 |a Servicio en ln̕ea 
260 |a San Pablo:  |b LTR,  |c 2017 
300 |a 1 recurso electrn̤ico 
500 |a A Confern̊cia da Organizaȯ̂ das Naė̳s Unidas sobre o Desenvolvimento Social, ocorrida em 2005, na Dinamarca, adotou o conceito do "Trabalho decente". No ano seguinte, a mesma diretiva foi tomada pelo Conselho Econm̥ico e Social das Naė̳s Unidas, responsv̀el pela aplicaȯ̂ do Pacto Internacional dos Direitos Econm̥icos, Sociais e Culturais (PIDESC). A Organizaȯ̂ Internacional do Trabalho declarou, em 2008, que deveria existir Justiȧ social para haver uma globalizaȯ̂ justa. E, em 2010, a campanha mundial da OIT teve como tema o "Trabalho decente para todos (decent work for all)". Verifica-se, desde logo, a importńcia e atualidade do tema deste livro, a segunda obra coletiva elaborada pelo COLEPRECOR, que sucede o exitoso e pioneiro "O Judicir̀io Trabalhista na atualidade", publicado tambm̌ pela LTr Editora, em 2015. A humanidade est ̀longe do patamar de dignidade no trabalho para todos. Prova disso ̌a quantidade de trabalhadores explorados, vilipendiados em seus direitos mais bs̀icos, crianȧs precocemente jogadas nos mercados informais, ou, segundo a organizaȯ̂ Walk Free Foundation, os quase quarenta milhe̳s de trabalhadores escravizados no mundo. Para todos eles o trabalho decente ̌um conceito vago e distante de sua pobre realidade. Os articulistas focaram seus estudos na anl̀ise dos complexos elementos laborativos, emitindo preciosas opinie̳s sobre as possibilidades de desenvolvimento de alternativas jurd̕icas, legais e sociais sobre o trabalho seguro, sempre em busca de seu aperfeiȯamento e evoluȯ̂. O resultado, longe de ser um diagns̤tico melancl̤ico, ̌um retrato sensv̕el e lc︢ido do trabalho em sua percepȯ̂ de dignidade, decn̊cia e valor. 
506 1 |a Disponible solo en los productos indicados  |d vLex Global  |d vLex Global (Academic Edition, excluding Law Schools)  |d vLex Global (U.S. Academic Edition, Law Schools)  |d vLex Global (U.S. Academic Edition, excluding Law Schools)  |d vLex Global (Academic Edition, Law Schools) 
650 0 4 |a Derecho Laboral y Seguridad Social  |z Brasil 
650 0 4 |a Derecho Constitucional  |z Brasil 
650 0 4 |a Derecho Procesal  |z Brasil 
650 0 4 |a Procedimiento Laboral  |z Brasil 
740 0 |a vLex Libros (Servicio en ln̕ea) 
856 4 0 |u http://vlex.com/source/trabalho-decente-21579  |z Acceso restringido 
942 |c BOOK 
999 0 |a Labor Law and Social Security 
999 0 |a Constitutional Law 
999 0 |a Procedural Law 
999 0 |a Labor Procedure